[Event "CZE-ch U16 2020"]
[Site "Kouty nad Desnou"]
[Date "2020.03.11"]
[Round "6.8"]
[White "Krizek, Krystof"]
[Black "Vecera, Dominik"]
[Result "0-1"]
[WhiteElo "1947"]
[BlackElo "1814"]
[Annotator "TA"]
[PlyCount "94"]
[EventDate "2020.03.07"]
[EventCountry "CZE"]
[SourceTitle "playchess.com"]
[Source "ChessBase"]
[SourceQuality "1"]

{[%evp 30,94,0,0,0,-14,-12,-10,-10,-16,0,-34,-32,-43,-33,-31,-29,-41,-33,-56,-39,-52,-19,-51,-12,-43,-43,-43,-45,-53,-58,-69,-55,-193,-200,-198,-187,-159,-159,-187,-186,-214,-147,-147,-147,-248,-170,-319,-305,-470,-408,-837,-889,-2678,-2685,-2322,-2262,-1920,-1610,-2555,-2582,-1665,0,-29986,-29987,-29987,-29988]} 1. e4 c5 2. Nf3 g6 3. d4 cxd4 4. Nxd4 Nc6 5. c4 Nf6 6. Nc3 d6 7. Be2 Nxd4 8. Qxd4 Bg7 9. Be3 O-O 10. Qd2 Be6 11. O-O Qa5 12. f3 Rfc8 13. b3 a6 14. Rac1 b5 15. Nd5 Qxd2 16. Bxd2 Nxd5 {B36: Sicilian: Maroczy Bind: Gurgenidze System.} 17. exd5 Bd4+ 18. Kh1 Bd7 {The position is equal.} 19. Bd3 bxc4 {[#]} 20. bxc4 $146 ({Predecessor:} 20. Bxc4 Bb5 21. Rfe1 Bxc4 22. bxc4 Ra7 23. Re4 Bg7 24. h3 Rb7 25. Rc2 Bf8 26. Re1 {0-1 (49) Serditykh,O (1749)-Gubernatorova,L (2202) Nebug 2016}) 20... Rab8 21. Rfe1 Kf8 22. Bh6+ Ke8 23. Re2 e5 24. f4 f6 25. fxe5 Bxe5 26. Rf1 Kf7 (26... Bf5 $5 27. Bxf5 gxf5 $15) 27. Bf4 Bxf4 28. Rxf4 Re8 29. Rff2 $1 Rxe2 30. Rxe2 $15 {[%mdl 4096] Endgame KRB-KRB} Re8 31. Kg1 ({White must play} 31. Rxe8 $15 Bxe8 32. g4) 31... Rxe2 $19 32. Bxe2 {[#] KB-KB} f5 $1 33. Kf2 Kf6 34. Ke3 Ke5 35. Kd3 Be8 36. Kc3 {[#]} a5 $1 37. Bf3 (37. h4 $17 {was necessary.}) 37... g5 38. h3 (38. g3 $142) 38... h5 39. g3 (39. Be2 $142) 39... h4 40. g4 (40. gxh4 $142 gxh4 41. a3) 40... f4 41. c5 dxc5 42. Kc4 Kd6 43. Be4 Bf7 44. a4 Bg8 45. Bf3 Bf7 $2 ({Black should try} 45... Bh7 $19 46. Kc3 Bb1) 46. Kb5 $2 {[%mdl 8192]} (46. Be4 $11 Be8 47. Kb3) 46... Bxd5 47. Be2 f3 {Accuracy: White = 35%, Black = 84%.} 0-1

[Event "CZE-ch U16 2020"]
[Site "Kouty nad Desnou"]
[Date "2020.03.11"]
[Round "6.9"]
[White "Hosnedl, Matyas"]
[Black "Blaha, Marek"]
[Result "1/2-1/2"]
[WhiteElo "1977"]
[BlackElo "1836"]
[Annotator "TA"]
[PlyCount "61"]
[EventDate "2020.03.07"]
[EventCountry "CZE"]
[SourceTitle "playchess.com"]
[Source "ChessBase"]
[SourceQuality "1"]

{[%evp 22,61,20,15,12,12,16,14,41,20,20,-38,-62,-73,-61,-147,-122,-103,-87,-87,-56,-66,-51,-78,-56,-96,-96,-96,-103,-89,-96,-182,-186,-203,-65,-65,-79,-71,-71,-71,-69,-95]} 1. e4 e5 2. Nf3 Nc6 3. Bb5 a6 4. Ba4 Nf6 5. O-O Be7 6. Re1 b5 7. Bb3 O-O 8. h3 Bb7 9. d3 d5 10. exd5 Nxd5 11. Nxe5 Nxe5 12. Rxe5 Qd6 {C88: Closed Ruy Lopez: Anti-Marshall Systems.} 13. Re1 Rae8 14. Nd2 c5 {The position is equal.} 15. Ne4 (15. Qf3 $5 {[%cal Rc2c4]}) 15... Qc6 {[#] Hoping for ...c4.} 16. Bxd5 (16. c3 $11) 16... Qxd5 $15 17. Qf3 f5 $36 {[%mdl 2048] [#] White must now prevent ...Bh4. Black has good play.} 18. Nc3 $146 (18. Ng3 $15) ({Predecessor:} 18. Ng5 Bf6 19. Qxd5+ Bxd5 20. Rxe8 Rxe8 21. Kf1 c4 22. Rb1 cxd3 23. cxd3 Rc8 24. Be3 {0-1 (54) Chylewski,P (2213)-Barski,R (2452) Bialystok 2017}) 18... Qxf3 19. gxf3 Bxf3 20. Bf4 Kf7 21. Re3 Bc6 {[#] ...b4 is the strong threat.} 22. Re5 $1 g6 23. Rae1 Bf6 24. Rxe8 Rxe8 25. Rxe8 Kxe8 $17 {[%mdl 4096] Endgame KBB-KBN} 26. Nd1 (26. Be3 $17 {keeps fighting.}) 26... Bf3 $19 27. Nc3 Bxc3 (27... Kd7 $19 {Threatens to win with ...b4.} 28. Bd2 b4) 28. bxc3 $15 Bd1 29. Bd6 Bxc2 30. Bxc5 Bxd3 31. f4 {Accuracy: White = 57%, Black = 74%.} 1/2-1/2

[Event "CZE-ch U16 2020"]
[Site "Kouty nad Desnou"]
[Date "2020.03.11"]
[Round "6.10"]
[White "Kolar, Jan"]
[Black "Janouch, Jachym Stepan"]
[Result "0-1"]
[WhiteElo "1760"]
[BlackElo "1888"]
[Annotator "NA"]
[PlyCount "68"]
[EventDate "2020.03.07"]
[EventCountry "CZE"]
[SourceTitle "playchess.com"]
[Source "ChessBase"]
[SourceQuality "1"]
[TimeControl "5400+30"]

{[%evp 11,68,97,86,37,135,93,114,84,125,131,147,140,32767,32767,249,255,269,214,195,99,112,81,99,85,188,25,100,0,0,-87,0,37,24,0,297,-445,-447,-1018,32767,-1014,-1116,-1060,-1315,-1182,-1336,-1120,-1441,-1152,-1392,-1359,-1146,-1089,-551,-616,32767,32767,-666,-633,-637]} 1. e4 {[%emt 0:00:00]} d6 {[%emt 0:01:43]} 2. d4 {[%emt 0:00:32]} g6 {[%emt 0:00:11]} 3. Nc3 {[%emt 0:00:45]} Bg7 {[%emt 0:00:06]} 4. Be3 {[%emt 0:01:08]} a6 {[%emt 0:00:14]} 5. h4 {[%emt 0:01:13]} b5 {[%emt 0:02:15]} 6. h5 {[%emt 0:02:13] B06: Modern Defence.} Bb7 {[%emt 0:03:06] [#]} 7. hxg6 $146 {[%emt 0:03:18]} ({Predecessor:} 7. f3 Nd7 8. Qd2 c5 9. Nge2 Rc8 10. dxc5 Nxc5 11. Nd4 Nf6 12. h6 Bf8 13. Nb3 Nxb3 14. axb3 {½-½ (68) Inkiov,V (2465)-Salgado Lopez,I (2598) Haguenau 2013}) 7... fxg6 {[%emt 0:02:33]} (7... hxg6 $14 8. Rxh8 Bxh8) 8. a3 {[%emt 0:02:27]} Nd7 {[%emt 0:03:01]} 9. Nf3 {[%emt 0:04:12]} Nf8 {[%emt 0:02:57]} 10. Bd3 {[%emt 0:05:00]} Qd7 {[%emt 0:03:21]} 11. Qe2 {[%emt 0:02:11]} c6 {[%emt 0:17:53]} 12. e5 {[%emt 0:08:31]} d5 {[%emt 0:10:51]} 13. a4 {[%emt 0:06:09]} e6 {[%emt 0:04:58]} 14. Kd2 {[%emt 0:02:43]} Ne7 {[%emt 0:07:53]} 15. g4 {[%emt 0:02:28]} (15. axb5 $18 {and White stays clearly on top.} cxb5 16. Na2) 15... b4 {[%emt 0:03:21]} 16. Na2 {[%emt 0:02:50]} c5 {[%emt 0:00:36]} 17. dxc5 {[%emt 0:01:25]} Nc6 {[%emt 0:00:33]} (17... d4 $16 18. Bg5 (18. Bxd4 Rd8 $16) 18... Qd5) 18. Bf4 {[%emt 0:02:13]} (18. c3 $18) 18... Qe7 {[%emt 0:01:42]} (18... Qf7 $14 19. Qe3 d4 20. Nxd4 Nxd4 21. Qxd4 Nd7) 19. Nc1 {[%emt 0:02:41]} (19. Qe3 $16) 19... Nd7 $1 {[%emt 0:01:24]} 20. Nb3 {[%emt 0:01:26]} (20. Rxh7 $1 $11 {keeps the balance.} O-O 21. Bg5) 20... Nxc5 {[%emt 0:03:21]} (20... O-O $15 21. Bg5 Qf7) 21. Nxc5 {[%emt 0:01:06]} Qxc5 {[%emt 0:00:32]} 22. Rxh7 {[%emt 0:00:48]} (22. Be3 $14 Qe7 23. Bg5) 22... O-O $2 {[%emt 0:04:53] [#]} (22... Rxh7 $11 23. Bxg6+ {[%mdl 64] Double Attack} Kd7 24. Bxh7 Rf8) 23. Bh6 $4 {[%emt 0:03:08]} (23. Rxg7+ $1 $18 {[%mdl 512] was the only winning move.} Kxg7 24. Be3) 23... Kxh7 {[%emt 0:01:26]} 24. Ng5+ {[%emt 0:00:06]} (24. Rh1 $142 Bxh6+ 25. g5 {[%mdl 64] Pin}) 24... Kg8 {[%emt 0:01:49]} 25. Bxg7 {[%emt 0:00:38]} Rxf2 {[%emt 0:00:28]} 26. Rh1 {[%emt 0:01:07]} Rxe2+ {[%emt 0:00:29]} 27. Kxe2 {[%emt 0:00:06]} Nd4+ {[%emt 0:00:19]} 28. Kd1 {[%emt 0:00:56]} Kxg7 {[%emt 0:02:03]} 29. Rh7+ {[%emt 0:00:26]} Kg8 {[%emt 0:00:41]} 30. Rh6 {[%emt 0:00:33]} Qe7 {[%emt 0:05:20]} 31. Rxg6+ {[%emt 0:00:19]} Qg7 {[%emt 0:00:25]} 32. c3 {[%emt 0:00:09]} bxc3 {[%emt 0:00:32]} 33. bxc3 {[%emt 0:00:07] [#]} Qxg6 $1 {[%emt 0:01:00]} 34. Bxg6 {[%emt 0:00:05]} Nc6 $19 {[%emt 0:00:49]} 0-1

[Event "CZE-ch U16 2020"]
[Site "Kouty nad Desnou"]
[Date "2020.03.11"]
[Round "6.11"]
[White "Jirousek, Jan"]
[Black "Jares, Michal"]
[Result "1/2-1/2"]
[WhiteElo "1887"]
[BlackElo "1907"]
[Annotator "TA"]
[PlyCount "84"]
[EventDate "2020.03.07"]
[EventCountry "CZE"]
[SourceTitle "playchess.com"]
[Source "ChessBase"]
[SourceQuality "1"]

{[%evp 9,84,68,71,17,15,-9,-11,-13,0,-56,-56,-54,-52,-61,-64,-56,-63,-67,-64,-78,-72,-78,-64,-89,-67,-77,-71,-88,-84,-111,-107,-111,-112,-116,-30,-45,-45,-45,-41,-41,-40,-58,-43,-39,-27,-21,-30,-51,-14,-33,0,-15,-15,-15,-15,-15,-15,-15,-15,-15,-15,-15,0,0,0,0,0,0,0,-4,0,0,0,0,0,0,0]} 1. d4 c5 2. d5 e5 3. e4 d6 4. Nc3 Nf6 5. Bb5+ Nbd7 6. Nf3 {A44: Semi-Benoni.} (6. Bd3 $16) 6... a6 $11 {[#]} 7. Bxd7+ $146 ({Predecessor:} 7. Be2 b5 8. Nd2 Be7 9. O-O O-O 10. a4 b4 11. Ncb1 a5 12. c3 Ne8 13. Nc4 {½-½ (35) Ilandzis,S (2196)-Vanek,L (2114) Olomouc 2008}) 7... Bxd7 8. a4 b5 9. axb5 (9. Qe2 $11) 9... axb5 $15 10. Bg5 Be7 11. Bxf6 Bxf6 12. O-O O-O 13. b3 Qb6 14. Ne2 g6 15. Qd2 b4 16. Qc1 Bb5 17. Re1 Qb7 18. Rxa8 Rxa8 19. h4 h5 20. Ng3 Qe7 21. Ng5 Bxg5 (21... Qc7 $17 22. Nf1 c4 23. bxc4 Qxc4) 22. Qxg5 $11 Qxg5 23. hxg5 $17 {[%mdl 4096] Endgame KRB-KRN} Ra2 24. Rc1 $1 Kg7 25. Nf1 Bxf1 26. Kxf1 $15 {KR-KR} f6 27. gxf6+ Kxf6 28. Ke2 g5 29. Kd3 g4 {Threatening ...h4.} 30. Rh1 {The position is equal.} Kg5 31. g3 Ra8 32. Ke2 Rh8 33. Rh4 Rf8 34. Rh2 Rf3 35. Rh1 c4 36. bxc4 Rc3 37. Kd2 $1 Rxc4 38. Kd3 Rc3+ 39. Kd2 Rf3 40. Ke2 b3 41. cxb3 Rxb3 42. Rc1 Rb2+ {Accuracy: White = 87%, Black = 87%.} 1/2-1/2

[Event "CZE-ch U16 2020"]
[Site "Kouty nad Desnou"]
[Date "2020.03.11"]
[Round "6.12"]
[White "Habenicht, Martin"]
[Black "Rokos, Filip"]
[Result "1/2-1/2"]
[WhiteElo "1970"]
[BlackElo "2127"]
[Annotator "TA"]
[PlyCount "76"]
[EventDate "2020.03.07"]
[EventCountry "CZE"]
[SourceTitle "playchess.com"]
[Source "ChessBase"]
[SourceQuality "1"]

{[%evp 13,76,-8,-11,-47,-19,-66,-24,-90,-64,-49,-67,-68,15,0,-6,-8,-8,-8,-4,1,17,-14,-13,-10,-10,-27,-7,-21,0,-74,-76,-70,-67,-80,-71,-64,-64,-82,-104,-102,0,0,0,0,12,9,22,13,17,6,9,0,0,0,22,0,-2,-5,-6,-10,0,0,0,8,33]} 1. d4 Nf6 2. Nf3 e6 3. g3 d5 4. Bg2 Be7 5. O-O O-O 6. c4 dxc4 7. Nc3 Nc6 8. Bf4 {E05: Open Catalan: 5 Nf3 Be7.} a6 9. e4 b5 10. d5 (10. b3 $1 $11 {keeps the balance.}) 10... Nb4 {[%cal Re6d5]} 11. Ne5 exd5 {...d4 is the strong threat.} 12. a3 Nd3 {[#]} (12... d4 $1 $15 13. Ne2 d3) 13. Nxd3 $146 ({Predecessor:} 13. Nc6 Qd7 14. e5 Ng4 15. Nxe7+ Qxe7 16. Nxd5 Qc5 17. b4 Qd4 18. Ra2 Be6 19. Nxc7 Ngxf2 20. Raxf2 {1-0 (66) Ilincic,Z (2520)-Dearing,E (2392) Budapest 2004}) 13... cxd3 14. e5 {[#]} Ne4 $1 {[%cal Re4c3]} 15. Nxe4 dxe4 16. Bxe4 {[%mdl 64] Double Attack} Rb8 17. Qf3 Be6 18. Rfd1 c5 19. Rxd3 Qc8 20. Rc1 Rd8 21. b3 (21. Rcd1 $11 {remains equal.}) 21... c4 $17 22. Rxd8+ Qxd8 23. b4 a5 24. Rd1 Qc8 25. Qc3 axb4 26. axb4 Rb6 ({Black should play} 26... Qf8 $17 27. Rb1 Rd8) 27. Qd4 $36 {[%mdl 2048] White is pushing.The position is equal.} Ra6 28. Bg5 $1 {[%cal Rg5e7]} Bf8 ({Of course not} 28... Bxg5 $6 {[#]} 29. Bb7 $1 $16 {[%mdl 512]}) 29. Qd8 {Black must now prevent Be7.} Qxd8 30. Rxd8 {Hoping for Be7.} Ra7 31. Rb8 Rc7 $1 32. Rxb5 c3 {White should prevent ...c2.} 33. Bc2 Rc4 34. Bd3 (34. Rb8 {is more complex.} Rxb4 35. Ra8 Rc4 36. Be7 Bc8 37. Bxf8 Kxf8 38. f4) 34... Rxb4 (34... Rd4 $5 35. Bc2 $8 Rxb4 36. Rxb4 Bxb4 $11) 35. Rxb4 Bxb4 36. Bc2 Bc4 37. Be3 Kf8 38. f4 h6 {Accuracy: White = 77%, Black = 78%.} 1/2-1/2

[Event "CZE-ch U16 2020"]
[Site "Kouty nad Desnou"]
[Date "2020.03.12"]
[Round "7.1"]
[White "Ret, Adam Josef"]
[Black "Frank, Adam"]
[Result "0-1"]
[WhiteElo "1999"]
[BlackElo "2196"]
[Annotator "TA"]
[PlyCount "78"]
[EventDate "2020.03.07"]
[EventCountry "CZE"]
[SourceTitle "playchess.com"]
[Source "ChessBase"]
[SourceQuality "1"]

{[%evp 15,78,21,33,9,11,16,26,-8,-13,-1,-10,-20,0,-8,0,0,0,0,0,0,0,0,0,0,0,0,-18,-104,-103,-102,-108,-129,-110,-104,-102,-126,-37,-129,-129,-158,-156,-157,-147,-325,-328,-302,-302,-458,-454,-459,-458,-452,-445,-438,-437,-411,-396,-464,-447,-688,-677,-918,-881,-29997,-29998]} 1. d4 Nf6 2. Nf3 d6 3. b3 g6 4. Bb2 Bg7 5. e3 O-O 6. Be2 c5 7. O-O Nc6 8. c4 Ne4 9. Nc3 {E60: King's Indian: Unusual lines and Fianchetto Variation without Nc3.} (9. Qc1 {seems wilder.} cxd4 10. Nxd4 Nxd4 11. Bxd4 e5 12. Bb2) 9... Nxc3 10. Bxc3 e5 11. dxe5 {White has an edge.} (11. d5 {is interesting.} Nb8 12. e4 f5 13. Bd3 Nd7 14. Re1) 11... dxe5 12. Qxd8 Rxd8 {[#]} 13. Nd2 $146 ({Predecessor:} 13. Rac1 e4 14. Ne1 Bxc3 15. Rxc3 Be6 16. Rc2 Rd6 17. f3 Rad8 18. fxe4 Nb4 19. Rb2 {0-1 (33) Glavinac,G (2173)-Nedev,T (2494) Struga 2012}) 13... Bf5 14. Rfd1 Bd3 15. Bxd3 Rxd3 16. Ne4 Rad8 $36 {[%mdl 2048] Black has the initiative.} 17. Rxd3 Rxd3 18. Rc1 b6 19. g4 f5 20. gxf5 gxf5 21. Ng5 (21. Ng3 $1 $11) 21... e4 $17 22. Bxg7 Kxg7 {[%mdl 4096] Endgame KRN-KRN} 23. Rb1 Kg6 24. Ne6 Rd2 25. a3 a5 (25... Ne5 $17 {White must now prevent ...Nd3.} 26. b4 cxb4 27. Nf4+ Kg5 28. axb4 Nxc4) 26. Nf4+ (26. h4 $15) 26... Kg5 27. Nd5 Kg4 28. Kg2 Ne5 29. h4 $2 {Loses the game.} (29. h3+ $17 {might work better.} Kh4 30. Ne7) 29... Nd3 $19 ({Weaker is} 29... Kxh4 30. Rh1+ Kg5 31. Rxh7 $17) 30. Rf1 h5 ({But not} 30... Kxh4 31. Nxb6 f4 32. Kg1 $19) 31. Ne7 (31. Nxb6 $142 Rb2 32. Nd5) 31... f4 {[#] Hoping for ...fxe3.} 32. Nd5 fxe3 33. Nxe3+ Kxh4 34. Nd5 Kg5 35. Nc3 Kf5 36. Kg3 Rb2 37. f3 (37. a4 $142) 37... e3 38. Rd1 Nf4 {[#] ( -> ...h4+!)} 39. Rb1 Rg2+ {Accuracy: White = 44%, Black = 89%.} 0-1

[Event "CZE-ch U16 2020"]
[Site "Kouty nad Desnou"]
[Date "2020.03.12"]
[Round "7.2"]
[White "Vojta, Jakub"]
[Black "Gnojek, Petr"]
[Result "1-0"]
[WhiteElo "2214"]
[BlackElo "2129"]
[Annotator "TA"]
[PlyCount "87"]
[EventDate "2020.03.07"]
[EventCountry "CZE"]
[SourceTitle "playchess.com"]
[Source "ChessBase"]
[SourceQuality "1"]

{[%evp 9,87,-13,-6,-9,-7,-16,-11,-8,0,-3,0,0,11,12,12,0,0,0,0,0,-18,-53,-47,-53,-47,-55,0,0,89,88,96,37,95,76,92,89,204,167,175,158,152,169,179,181,226,197,223,217,217,217,217,217,283,258,268,269,260,222,222,222,361,361,350,280,492,483,481,469,733,740,819,824,4574,2902,3974,1110,2744,2273,1416,1188]} 1. e4 c5 2. Nf3 e6 3. b3 Nc6 4. Bb2 d6 5. c4 Nf6 6. Nc3 {B50: Sicilian: 2...d6, Miscellaneous.} Nd4 {[#]} 7. d3 $146 ({Predecessor:} 7. Nxd4 cxd4 8. Ne2 e5 9. Ng3 h5 10. Bd3 h4 11. Nf1 Nh5 12. g3 Nf6 13. Qe2 {0-1 (48) Shaw,J (2345)-Thipsay,P (2515) Groningen 1997}) 7... a6 8. g3 {The position is equal.} b5 9. Bg2 {Hoping for e5.} Rb8 10. O-O bxc4 11. dxc4 e5 12. Nd5 Nxd5 13. cxd5 g6 14. Nxd4 exd4 15. f4 Bg7 16. Qd2 O-O 17. Rae1 f5 (17... a5 $15) 18. e5 $11 dxe5 (18... Qb6 $11) 19. fxe5 $16 Re8 20. Ba3 (20. Qc2 $16) 20... Rb5 (20... Bb7 $14) 21. Qc1 {White stays focused until the end.} Rxe5 22. Bxc5 Qe8 (22... Bd7 $16) 23. b4 Re3 24. Rxe3 Qxe3+ 25. Qxe3 dxe3 26. Re1 ({Stronger than} 26. Bxe3 Rxb4 27. Rc1 Bd7 $11) 26... Bc3 27. Rxe3 Rxc5 28. bxc5 $18 {[%mdl 4096] Endgame KRB-KB} Bd4 29. Kf2 Bxc5 30. Ke2 Bd7 31. Rc3 Bd6 32. Kf3 Kf7 33. Bf1 a5 34. Rb3 Kf6 (34... Bb4 $142 35. Re3 g5) 35. Bb5 Bc8 36. Re3 {[#] Strongly threatening Re8.} Be5 $2 (36... Be7 {might work better.} 37. Bc6 g5) 37. Ra3 {White is clearly winning.} g5 38. Rxa5 f4 (38... g4+ $142 39. Ke3 Bc7) 39. g4 h5 40. h3 hxg4+ 41. hxg4 Bc7 42. Ra4 Ke7 43. Bc6 Kd6 44. Ra8 {Accuracy: White = 92%, Black = 52%.} 1-0

[Event "CZE-ch U16 2020"]
[Site "Kouty nad Desnou"]
[Date "2020.03.12"]
[Round "7.3"]
[White "Vecera, Dominik"]
[Black "Placer, Sebastian"]
[Result "1-0"]
[WhiteElo "1814"]
[BlackElo "2189"]
[Annotator "TA"]
[PlyCount "57"]
[EventDate "2020.03.07"]
[EventCountry "CZE"]
[SourceTitle "playchess.com"]
[Source "ChessBase"]
[SourceQuality "1"]

{[%evp 26,57,3,15,33,34,33,28,28,-24,5,-30,0,-79,0,-27,-32,-47,-47,-98,-32,-31,-17,-35,478,491,29991,29992,29992,29993,29997,29998,29998,29999]} 1. e4 c6 2. d4 d5 3. Nc3 dxe4 4. Nxe4 Bf5 5. Ng3 Bg6 6. h4 h6 7. Nf3 Nd7 8. h5 Bh7 9. Bd3 Bxd3 10. Qxd3 e6 11. Bd2 Ngf6 12. O-O-O Be7 13. Kb1 O-O {13...Qb6 is the hot move.} 14. Ne4 Nxe4 {B19: Classical Caro-Kann: 4...Bf5 main line.} 15. Qxe4 Nf6 16. Qe2 Qd5 {White has an edge.} 17. Rde1 (17. Ne5 $142) 17... c5 {[#]} 18. Bc3 $146 ({Predecessor:} 18. g4 Nxg4 19. Rhg1 f5 20. Ne5 Nxe5 21. dxe5 Kh7 22. Bf4 Bg5 23. Bxg5 hxg5 24. Rxg5 {½-½ (44) Ganguly,S (2650)-Mchedlishvili,M (2628) Khanty-Mansiysk 2010}) 18... cxd4 19. Nxd4 (19. Bxd4 $11 Rfd8 20. Rd1) 19... Qxg2 (19... Rac8 $17) 20. Nf3 {And now Reg1 would win.} Qg4 $1 21. Reg1 Qf5 22. Qe3 {[#]} ({Better is} 22. Be5 $15) 22... Kh8 ({Black should try} 22... Kh7 $1 $17) 23. Ne5 $15 Kh7 {next ...Nd5 is good for Black.} 24. Qg3 {[%csl Gg1][%cal Rg3g7]} Rg8 $2 {[%mdl 8192] Now Black is done in.} (24... Ne8 $1 $15 {keeps the upper hand.}) 25. Nxf7 $18 {Qg6+ would kill now.} Nxh5 {[#]} (25... Qg4 $18 26. Qxg4 Nxg4 27. Rxg4 Raf8) 26. Rxh5 $1 {[%mdl 512] White mates.} Qxf7 (26... Qxh5 27. Qxg7+) 27. Qd3+ g6 {[#]} 28. Rxh6+ $1 {[%mdl 512]} Kxh6 29. Qh3+ {Accuracy: White = 52%, Black = 42%.} 1-0

[Event "CZE-ch U16 2020"]
[Site "Kouty nad Desnou"]
[Date "2020.03.12"]
[Round "7.4"]
[White "Kusa, Jakub"]
[Black "Mach, Petr"]
[Result "1/2-1/2"]
[WhiteElo "2188"]
[BlackElo "2045"]
[Annotator "TA"]
[PlyCount "63"]
[EventDate "2020.03.07"]
[EventCountry "CZE"]
[SourceTitle "playchess.com"]
[Source "ChessBase"]
[SourceQuality "1"]

{[%evp 27,63,9,0,-2,-13,-16,-26,-26,0,0,46,42,71,76,72,64,85,68,62,40,50,37,120,127,136,96,89,86,120,114,161,161,185,191,175,176,175,0]} 1. e4 c5 2. Nf3 e6 3. d4 cxd4 4. Nxd4 Nf6 5. Nc3 Nc6 6. Ndb5 d6 7. Bf4 e5 8. Bg5 a6 9. Na3 b5 10. Nd5 Be7 11. Bxf6 Bxf6 12. c3 O-O 13. Nc2 Be6 14. Nce3 Bg5 15. a4 {[#] B33: Sicilian: Pelikan and Sveshnikov Variations.} b4 $1 {[%mdl 512]} 16. Bc4 (16. cxb4 Bxe3) 16... bxc3 17. bxc3 {Black has an edge.} Bxe3 18. Nxe3 Qa5 {[#]} 19. O-O $146 ({Predecessor:} 19. Qd2 Qc5 20. Bd5 Rac8 21. O-O Na5 22. Rab1 Bd7 23. Rfc1 Rb8 24. Rxb8 Rxb8 25. Qa2 Rf8 26. h3 {1-0 (50) Pramateftaki,L (1770)-Kalyva,K (1633) Achaia 2017}) 19... Bxc4 20. Nxc4 Qc5 21. Nxd6 Rab8 {[#] White must now prevent ...Rfd8.} 22. Nf5 Ne7 23. Nxe7+ Qxe7 24. Qe2 Qc5 ({Better is} 24... Qb7 $14) 25. Qxa6 $16 Qxc3 26. Qd6 Rfd8 27. Qa3 Qd4 28. a5 {[%cal Ba4a5,Ba5a6,Ba6a7][%mdl 32]} Qxe4 29. a6 {White is clearly better.} g6 30. a7 Ra8 31. Qe7 Qd4 {Black wants to play ...Rd7.} 32. Rfe1 $2 {Accuracy: White = 86%, Black = 59%.} ({White should play} 32. Qb7 $18) 1/2-1/2

[Event "CZE-ch U16 2020"]
[Site "Kouty nad Desnou"]
[Date "2020.03.12"]
[Round "7.6"]
[White "Jun, Rudolf Jr."]
[Black "Nytra, Ondrej"]
[Result "1-0"]
[WhiteElo "2104"]
[BlackElo "2181"]
[Annotator "TA"]
[PlyCount "45"]
[EventDate "2020.03.07"]
[EventCountry "CZE"]
[SourceTitle "playchess.com"]
[Source "ChessBase"]
[SourceQuality "1"]

{[%evp 15,45,0,9,16,46,35,35,38,42,38,50,33,54,57,151,161,244,247,245,210,260,249,249,217,297,304,307,306,302,300,299,299]} 1. e4 e5 2. Nf3 Nc6 3. Bb5 a6 4. Bxc6 dxc6 5. Nc3 f6 6. d4 exd4 7. Qxd4 Qxd4 8. Nxd4 c5 9. Nde2 {C68: Ruy Lopez: Exchange Variation, sidelines.} Bd7 10. Nd5 Bd6 11. Bf4 {White is slightly better.} Bxf4 12. Nexf4 O-O-O $1 13. O-O-O {[#]} Nh6 $146 ({Predecessor:} 13... Re8 14. Rhe1 Ne7 15. Nxe7+ Rxe7 16. f3 Bc6 17. g4 Rhe8 18. h4 b6 19. h5 Re5 {1-0 (85) Lutz,D (2245)-Klek,H (2160) Bayern 2010}) 14. f3 $36 {[%mdl 2048] Black is under pressure.} Nf7 (14... Rde8 $14) 15. Nh5 $16 g6 (15... c6 {was worth a try.}) 16. Nhxf6 $18 {[#] Black must now prevent Ne7+.} Be6 17. Nf4 Bc4 18. b3 Bb5 19. Ne6 Rxd1+ 20. Rxd1 {White has a decisive advantage.} b6 21. Nd5 Bc6 22. Nexc7 Kb7 23. Ne6 {White took control after the opening. Accuracy: White = 91%, Black = 48%.} 1-0